Normal view
MARC view
Entry Personal Name
001 - CONTROL NUMBER
- control field: 30312
003 - CONTROL NUMBER IDENTIFIER
- control field: OSt
005 - DATE AND TIME OF LATEST TRANSACTION
- control field: 20260618155130.0
008 - FIXED-LENGTH DATA ELEMENTS
- fixed length control field: 260618|| aca||aabn | a|a d
040 ## - CATALOGING SOURCE
- Original cataloging agency: OSt
- Transcribing agency: OSt
100 ## - HEADING--PERSONAL NAME
- Personal name: Pedro Noguera
670 ## - SOURCE DATA FOUND
- Source citation: Work cat.: (OSt)24841: Blankstein Alan M. 30310, Excellence Through Equity: Five Principles of Courageous Leadership to Guide Achievement for Every Student, 2015
